000 00755nam a2200229 a 4500
001 50409
003 BD-RjUL
005 20211209075514.0
008 160827s1953 enka 000 0 eng d
035 _a(BD-RjUL)50529
040 _aBD-RjUL
_beng
_cBD-RjUL
041 _aeng
082 _223
_a513.1
_bMAG 1953
100 1 _aMaxwell, E. A.
_q(Edwin Arthur)
_9151048
245 1 0 _aGeometry for advanced pupils /
_cby E. A. Maxwell.
250 _aCorr. ed.
260 _aOxford :
_bClarendon Press,
_c1953.
300 _a176 p. :
_bill. ;
_c22 cm.
500 _a"Reprinted lithographically in Great Britain at the University Press Oxford, from corrected sheets of the first edition." -- t.p. verso
650 0 _aGeometry, Plane.
_9151049
942 _2ddc
_cBK
999 _c50409
_d50409